Oceňovanie, účtovanie a vykazovanie nehnuteľností podľa právnej úpravy účtovníctva SR diplomová práca

Enregistré dans:
Détails bibliographiques
Auteur principal: Miskolcziová, Soňa
Collectivité auteur: Fakulta hospodárskej informatiky EU. Katedra účtovníctva a audítorstva
Autres auteurs: Mateášová, Martina, 1979-
Format: Livre
Langue:slovaque
Publié: Bratislava 2015
Tags: Ajouter un tag
Pas de tags, Soyez le premier à ajouter un tag!

MARC

LEADER 00000nbm a2200000 4500
001 0203726
005 20161212115254.8
041 0 |a slo 
044 |a SK 
245 1 0 |a Oceňovanie, účtovanie a vykazovanie nehnuteľností podľa právnej úpravy účtovníctva SR  |b diplomová práca  |c Soňa Miskolcziová ; školiteľ: Martina Mateášová 
264 1 |a Bratislava  |c 2015 
300 |a 78 s. 
100 1 |a Miskolcziová, Soňa 
700 1 |a Mateášová, Martina, 1979- 
710 2 |a Fakulta hospodárskej informatiky EU. Katedra účtovníctva a audítorstva